[Event "HUN-chT Youth 2019"]
[Site "Budapest"]
[Date "2019.10.27"]
[Round "2.17"]
[White "Toth, Nikoletta"]
[Black "Koltai, Dora"]
[Result "1-0"]
[WhiteElo "1965"]
[BlackElo "1845"]
[Annotator "NA"]
[PlyCount "89"]
[EventDate "2019.10.26"]
[EventType "team-tourn"]
[EventCountry "HUN"]
[SourceTitle "playchess.com"]
[Source "ChessBase"]
[SourceQuality "1"]
[TimeControl "5400+30"]

1. d4 {[%emt 0:00:00]} d5 {[%emt 0:00:00]} 2. Bf4 {[%emt 0:00:02]} Nf6 {[%emt 0:00:17]} 3. e3 {[%emt 0:00:09]} c5 {[%emt 0:01:16]} 4. c3 {[%emt 0:00:06]} Nc6 {[%emt 0:00:55]} 5. Nd2 {[%emt 0:01:30]} Qb6 {[%emt 0:04:43]} 6. Qb3 {[%emt 0:12:34]} g6 {[%emt 0:18:35]} 7. Ngf3 {[%emt 0:03:06]} c4 {[%emt 0:02:34]} 8. Qxb6 {[%emt 0:18:04]} axb6 {[%emt 0:00:34]} 9. a3 {[%emt 0:00:06]} b5 {[%emt 0:06:53]} 10. Rc1 {[%emt 0:00:06]} Bg7 {[%emt 0:02:08]} 11. Be2 {[%emt 0:01:28]} O-O {[%emt 0:03:42]} 12. O-O {[%emt 0:00:27]} Bf5 {[%emt 0:10:58]} 13. h3 {[%emt 0:07:22]} Ne4 {[%emt 0:08:34]} 14. g4 {[%emt 0:12:31]} Nxd2 {[%emt 0:02:52]} 15. Nxd2 {[%emt 0:00:08]} Bd7 {[%emt 0:03:13]} 16. Bg3 {[%emt 0:13:51]} e5 {[%emt 0:10:11]} 17. dxe5 {[%emt 0:03:36]} Nxe5 {[%emt 0:03:07]} 18. Nf3 {[%emt 0:04:04]} Nxf3+ {[%emt 0:02:20]} 19. Bxf3 {[%emt 0:00:05]} Bc6 {[%emt 0:01:27]} 20. Rcd1 {[%emt 0:05:22]} Rfd8 {[%emt 0:02:14]} 21. Bg2 {[%emt 0:03:46]} Bf8 {[%emt 0:04:21]} 22. Rd2 {[%emt 0:01:24]} Be7 {[%emt 0:05:55]} 23. Rfd1 {[%emt 0:00:43]} Rd7 {[%emt 0:02:21]} 24. e4 {[%emt 0:04:13]} d4 {[%emt 0:01:43]} 25. Rxd4 {[%emt 0:01:47]} Rad8 {[%emt 0:00:50]} 26. Rxd7 {[%emt 0:01:21]} Rxd7 {[%emt 0:00:02]} 27. Rxd7 {[%emt 0:00:07]} Bxd7 {[%emt 0:00:01]} 28. f4 {[%emt 0:02:05]} Bc5+ {[%emt 0:01:22]} 29. Bf2 {[%emt 0:00:26]} b6 {[%emt 0:00:36]} 30. e5 {[%emt 0:01:43]} Kf8 {[%emt 0:00:27]} 31. Bd4 {[%emt 0:00:44]} Ke7 {[%emt 0:00:37]} 32. Kf2 {[%emt 0:00:37]} Ke6 {[%emt 0:00:34]} 33. Ke3 {[%emt 0:00:34]} f6 {[%emt 0:00:33]} 34. exf6 {[%emt 0:00:26]} Bxd4+ {[%emt 0:00:10]} 35. Kxd4 {[%emt 0:00:22]} Kxf6 {[%emt 0:00:13]} 36. Kd5 {[%emt 0:00:56]} Ke7 {[%emt 0:00:36]} 37. Ke5 {[%emt 0:00:24]} h5 {[%emt 0:01:01]} 38. f5 {[%emt 0:00:56]} hxg4 {[%emt 0:00:27]} 39. hxg4 {[%emt 0:00:17]} gxf5 {[%emt 0:00:13]} 40. gxf5 {[%emt 0:00:06]} Be8 {[%emt 0:00:54]} 41. f6+ {[%emt 0:00:31]} Kf7 {[%emt 0:00:16]} 42. Bd5+ {[%emt 0:00:11]} Kg6 {[%emt 0:00:15]} 43. f7 {[%emt 0:00:38]} Bxf7 {[%emt 0:00:05]} 44. Bxf7+ {[%emt 0:00:04]} Kxf7 {[%emt 0:00:06]} 45. Kd6 1-0

[Event "HUN-chT Youth 2019"]
[Site "Budapest"]
[Date "2019.10.27"]
[Round "2.18"]
[White "Matyassy, Lazar"]
[Black "Bernath, Bence"]
[Result "1/2-1/2"]
[WhiteElo "1652"]
[BlackElo "2004"]
[Annotator "NA RC"]
[PlyCount "65"]
[EventDate "2019.10.26"]
[EventType "team-tourn"]
[EventCountry "HUN"]
[SourceTitle "playchess.com"]
[Source "ChessBase"]
[SourceQuality "1"]
[TimeControl "5400+30"]

1. e4 {[%emt 0:00:00]} e5 {[%emt 0:00:00]} 2. Nf3 {[%emt 0:00:00]} Nc6 {[%emt 0:00:38]} 3. Nc3 {[%emt 0:00:00]} Nf6 {[%emt 0:00:31]} 4. Bb5 {[%emt 0:00:00]} Bd6 {[%emt 0:00:43]} 5. O-O {[%emt 0:00:10]} O-O {[%emt 0:00:40]} 6. h3 {[%emt 0:01:26]} h6 {[%emt 0:01:50]} 7. a3 {[%emt 0:01:18]} Ne7 {[%emt 0:03:16]} 8. Nxe5 {[%emt 0:01:41]} Bxe5 {[%emt 0:15:00]} 9. d4 {[%emt 0:00:06]} d6 {[%emt 0:01:37]} 10. dxe5 {[%emt 0:01:13]} dxe5 {[%emt 0:00:07]} 11. Be3 {[%emt 0:00:28]} b6 {[%emt 0:03:35]} 12. Qf3 {[%emt 0:03:34]} Ng6 {[%emt 0:03:50]} 13. Bc6 {[%emt 0:07:20]} Rb8 {[%emt 0:00:18]} 14. Rad1 {[%emt 0:00:35]} Qe7 {[%emt 0:00:09]} 15. Nd5 {[%emt 0:04:07]} Nxd5 {[%emt 0:00:55]} 16. Bxd5 {[%emt 0:00:23]} Kh7 {[%emt 0:05:17]} 17. Rd2 {[%emt 0:06:29]} Bd7 {[%emt 0:04:03]} 18. Rfd1 {[%emt 0:07:09]} Rbd8 {[%emt 0:02:00]} 19. Qg3 {[%emt 0:06:08]} f5 {[%emt 0:09:39]} 20. exf5 {[%emt 0:02:59]} Bxf5 {[%emt 0:00:19]} 21. Bb3 {[%emt 0:09:57]} Rd6 {[%emt 0:04:21]} 22. Kh2 {[%emt 0:10:37]} Be6 {[%emt 0:15:00]} 23. Bd5 {[%emt 0:04:08]} Bxd5 {[%emt 0:07:30]} 24. Rxd5 {[%emt 0:00:08]} Qd7 {[%emt 0:01:58]} 25. R5d2 {[%emt 0:01:18]} Qc6 {[%emt 0:03:01]} 26. Qg4 {[%emt 0:04:22]} Rfd8 {[%emt 0:00:43]} 27. Qf5 {[%emt 0:02:21]} Rf6 {[%emt 0:06:22]} 28. Qxf6 {[%emt 0:00:38]} gxf6 {[%emt 0:00:37]} 29. Rxd8 {[%emt 0:00:57]} Nh4 {[%emt 0:00:11]} 30. R1d7+ {[%emt 0:01:19]} Kg6 {[%emt 0:00:33]} 31. Rg8+ {[%emt 0:00:13]} Kf5 {[%emt 0:00:17]} 32. Rd2 {[%emt 0:00:41]} h5 {[%emt 0:00:36]} 33. f3 {[%emt 0:04:08]} 1/2-1/2

[Event "HUN-chT Youth 2019"]
[Site "Budapest"]
[Date "2019.10.27"]
[Round "2.19"]
[White "Acs, Marton"]
[Black "Tubak, Daniel"]
[Result "1/2-1/2"]
[WhiteElo "2126"]
[BlackElo "2219"]
[Annotator "RC"]
[PlyCount "65"]
[EventDate "2019.10.26"]
[EventType "team-tourn"]
[EventCountry "HUN"]
[SourceTitle "playchess.com"]
[Source "ChessBase"]
[SourceQuality "1"]
[TimeControl "5400+30"]

1. Nf3 {[%emt 0:00:00]} Nf6 {[%emt 0:00:00]} 2. g3 {[%emt 0:00:00]} g6 {[%emt 0:00:00]} 3. Bg2 {[%emt 0:00:00]} Bg7 {[%emt 0:00:00]} 4. O-O {[%emt 0:00:00]} O-O {[%emt 0:00:10]} 5. d4 {[%emt 0:00:14]} d6 {[%emt 0:00:17]} 6. a4 {[%emt 0:00:34]} Na6 {[%emt 0:10:23]} 7. Nc3 {[%emt 0:06:50]} c5 {[%emt 0:01:33]} 8. d5 {[%emt 0:18:47]} Nc7 {[%emt 0:01:31]} 9. h3 {[%emt 0:06:36]} a6 {[%emt 0:03:03]} 10. Nd2 {[%emt 0:01:11]} b6 {[%emt 0:05:09]} 11. Nc4 {[%emt 0:10:38]} Rb8 {[%emt 0:03:59]} 12. e4 {[%emt 0:01:43]} b5 {[%emt 0:05:36]} 13. axb5 {[%emt 0:00:50]} axb5 {[%emt 0:00:14]} 14. Na5 {[%emt 0:00:17]} Bd7 {[%emt 0:00:49]} 15. e5 {[%emt 0:06:51]} dxe5 {[%emt 0:08:45]} 16. Nc6 {[%emt 0:00:40]} Bxc6 {[%emt 0:00:09]} 17. dxc6 {[%emt 0:00:07]} b4 {[%emt 0:06:58]} 18. Na4 {[%emt 0:03:31]} Ne6 {[%emt 0:01:17]} 19. Qxd8 {[%emt 0:04:41]} Rbxd8 {[%emt 0:00:44]} 20. Be3 {[%emt 0:00:46]} Nd5 {[%emt 0:16:48]} 21. Nxc5 {[%emt 0:10:05]} Nxe3 {[%emt 0:00:51]} 22. Nxe6 {[%emt 0:01:54]} fxe6 {[%emt 0:00:25]} 23. fxe3 {[%emt 0:00:08]} e4 {[%emt 0:01:04]} 24. Rxf8+ {[%emt 0:12:11]} Kxf8 {[%emt 0:00:56]} 25. Bxe4 {[%emt 0:02:37]} Rc8 {[%emt 0:01:08]} 26. Ra2 {[%emt 0:06:49]} Be5 {[%emt 0:00:25]} 27. g4 {[%emt 0:01:46]} Kf7 {[%emt 0:01:27]} 28. Kf2 {[%emt 0:00:27]} Kf6 {[%emt 0:01:21]} 29. h4 {[%emt 0:01:50]} h6 {[%emt 0:00:24]} 30. Ke2 {[%emt 0:01:10]} Rd8 {[%emt 0:00:33]} 31. Bf3 {[%emt 0:01:18]} Kf7 {[%emt 0:00:39]} 32. Be4 {[%emt 0:00:01]} Kf6 {[%emt 0:00:02]} 33. Bf3 {[%emt 0:00:42]} 1/2-1/2

[Event "HUN-chT Youth 2019"]
[Site "Budapest"]
[Date "2019.10.27"]
[Round "2.20"]
[White "Kelemen, David"]
[Black "Erseki, Tamara"]
[Result "1-0"]
[WhiteElo "2166"]
[BlackElo "2008"]
[Annotator "RC"]
[PlyCount "65"]
[EventDate "2019.10.26"]
[EventType "team-tourn"]
[EventCountry "HUN"]
[SourceTitle "playchess.com"]
[Source "ChessBase"]
[SourceQuality "1"]
[TimeControl "5400+30"]

1. e4 {[%emt 0:00:00]} c5 {[%emt 0:00:00]} 2. Nf3 {[%emt 0:00:00]} Nc6 {[%emt 0:00:00]} 3. d4 {[%emt 0:00:00]} cxd4 {[%emt 0:00:00]} 4. Nxd4 {[%emt 0:00:00]} g6 {[%emt 0:00:40]} 5. Nc3 {[%emt 0:00:08]} Bg7 {[%emt 0:00:20]} 6. Be3 {[%emt 0:00:04]} Nf6 {[%emt 0:02:31]} 7. Bc4 {[%emt 0:00:09]} O-O {[%emt 0:01:15]} 8. Bb3 {[%emt 0:00:11]} Ng4 {[%emt 0:03:28]} 9. Qxg4 {[%emt 0:01:42]} Nxd4 {[%emt 0:00:05]} 10. Qd1 {[%emt 0:00:30]} Nc6 {[%emt 0:02:35]} 11. O-O {[%emt 0:01:58]} d6 {[%emt 0:04:35]} 12. f4 {[%emt 0:04:31]} Qa5 {[%emt 0:07:22]} 13. Qd2 {[%emt 0:04:13]} b5 {[%emt 0:07:58]} 14. Rae1 {[%emt 0:09:49]} b4 {[%emt 0:03:24]} 15. Nd1 {[%emt 0:00:21]} Ba6 {[%emt 0:00:23]} 16. Rf3 {[%emt 0:02:04]} Rad8 {[%emt 0:10:21]} 17. Rh3 {[%emt 0:28:39]} Bc8 {[%emt 0:14:02]} 18. f5 {[%emt 0:03:19]} Qe5 {[%emt 0:07:33]} 19. Bd5 {[%emt 0:02:30]} Bd7 {[%emt 0:04:04]} 20. c3 {[%emt 0:00:53]} bxc3 {[%emt 0:02:17]} 21. bxc3 {[%emt 0:00:05]} h5 {[%emt 0:11:43]} 22. Rg3 {[%emt 0:03:17]} e6 {[%emt 0:04:03]} 23. Bxc6 {[%emt 0:05:58]} Bxc6 {[%emt 0:00:05]} 24. Bd4 {[%emt 0:00:04]} Qb5 25. f6 {[%emt 0:01:36]} Bh8 {[%emt 0:02:13]} 26. Qh6 {[%emt 0:00:17]} Bxe4 {[%emt 0:02:02]} 27. Rxe4 {[%emt 0:00:49]} Qf5 {[%emt 0:00:05]} 28. Rf4 {[%emt 0:00:29]} Qb1 {[%emt 0:00:31]} 29. Rf1 {[%emt 0:00:33]} e5 {[%emt 0:00:38]} 30. Be3 {[%emt 0:04:13]} d5 {[%emt 0:01:38]} 31. Nf2 {[%emt 0:00:19]} Qc2 {[%emt 0:00:23]} 32. Nh3 {[%emt 0:00:22]} d4 {[%emt 0:00:28]} 33. Ng5 {[%emt 0:00:12]} 1-0

[Event "HUN-chT Youth 2019"]
[Site "Budapest"]
[Date "2019.10.27"]
[Round "2.21"]
[White "Juhasz, Judit"]
[Black "Koszta, Benedek"]
[Result "0-1"]
[WhiteElo "2004"]
[BlackElo "2043"]
[Annotator "NA RC"]
[PlyCount "60"]
[EventDate "2019.10.26"]
[EventType "team-tourn"]
[EventCountry "HUN"]
[SourceTitle "playchess.com"]
[Source "ChessBase"]
[SourceQuality "1"]
[TimeControl "5400+30"]

1. e4 {[%emt 0:00:00]} e6 {[%emt 0:00:00]} 2. d4 {[%emt 0:00:00]} d5 {[%emt 0:00:00]} 3. Nd2 {[%emt 0:00:00]} Nf6 {[%emt 0:00:01]} 4. e5 {[%emt 0:00:02]} Nfd7 {[%emt 0:00:07]} 5. Bd3 {[%emt 0:00:12]} c5 {[%emt 0:00:10]} 6. c3 {[%emt 0:00:08]} Nc6 {[%emt 0:00:14]} 7. Ne2 {[%emt 0:00:21]} cxd4 {[%emt 0:00:12]} 8. cxd4 {[%emt 0:00:06]} f6 {[%emt 0:00:19]} 9. exf6 {[%emt 0:00:25]} Nxf6 {[%emt 0:00:09]} 10. Nf3 {[%emt 0:00:40]} Bd6 {[%emt 0:00:46]} 11. O-O {[%emt 0:00:48]} O-O {[%emt 0:00:27]} 12. Bf4 {[%emt 0:01:31]} Bxf4 {[%emt 0:04:37]} 13. Nxf4 {[%emt 0:00:13]} Ne4 {[%emt 0:01:13]} 14. Qc1 {[%emt 0:00:41]} Qf6 {[%emt 0:01:15]} 15. Nh5 {[%emt 0:03:18]} Qg6 {[%emt 0:02:26]} 16. Nf4 {[%emt 0:07:37]} Qg4 {[%emt 0:12:19]} 17. g3 {[%emt 0:04:53]} g5 {[%emt 0:03:56]} 18. h3 {[%emt 0:02:07]} Qf5 {[%emt 0:01:28]} 19. Ne1 {[%emt 0:14:00]} gxf4 {[%emt 0:02:41]} 20. f3 {[%emt 0:00:20]} Qxh3 {[%emt 0:01:18]} 21. fxe4 {[%emt 0:04:36]} Qxg3+ {[%emt 0:00:40]} 22. Ng2 {[%emt 0:03:06]} Qxd3 {[%emt 0:02:11]} 23. Rxf4 {[%emt 0:00:25]} Rxf4 {[%emt 0:02:19]} 24. Qxf4 {[%emt 0:00:06]} Qxe4 {[%emt 0:01:59]} 25. Qg5+ {[%emt 0:01:42]} Qg6 {[%emt 0:01:31]} 26. Qh4 {[%emt 0:00:12]} Bd7 {[%emt 0:01:26]} 27. Kh2 {[%emt 0:00:47]} Kh8 {[%emt 0:03:52]} 28. Nf4 {[%emt 0:02:36]} Qf5 {[%emt 0:01:42]} 29. Rg1 {[%emt 0:05:11]} Rg8 {[%emt 0:02:07]} 30. Rf1 {[%emt 0:00:09]} Qg5 {[%emt 0:01:02]} 0-1

[Event "HUN-chT Youth 2019"]
[Site "Budapest"]
[Date "2019.10.27"]
[Round "2.22"]
[White "Megyaszai, Balazs"]
[Black "Bakos, Balazs"]
[Result "1-0"]
[WhiteElo "1894"]
[BlackElo "2408"]
[Annotator "NA"]
[PlyCount "74"]
[EventDate "2019.10.26"]
[EventType "team-tourn"]
[EventCountry "HUN"]
[SourceTitle "playchess.com"]
[Source "ChessBase"]
[SourceQuality "1"]
[TimeControl "5400+30"]

1. e4 {[%emt 0:00:00]} c5 {[%emt 0:00:00]} 2. Nf3 {[%emt 0:00:00]} e6 {[%emt 0:00:00]} 3. d4 {[%emt 0:00:32]} cxd4 {[%emt 0:00:00]} 4. Nxd4 {[%emt 0:00:50]} Nc6 {[%emt 0:00:24]} 5. Nc3 {[%emt 0:00:51]} Qc7 {[%emt 0:01:15]} 6. Be3 {[%emt 0:02:43]} a6 {[%emt 0:03:10]} 7. Qf3 {[%emt 0:03:53] B48: Sicilian: Taimanov: 5 Nc3 Qc7 6 Be3 a6 without Be2} Nf6 {[%emt 0:13:48]} (7... Ne5 8. Qg3 h5 9. Bg5 f6 10. Bf4 Ne7 11. O-O-O Kf7 12. Bxe5 Qxe5 13. f4 h4 14. Qe3 Qc7 {1-0 (35) Ding,L (2811)-Shankland,S (2705) chess.com INT 2019}) 8. O-O-O {[%emt 0:07:11]} Rb8 {[%emt 0:05:07]} 9. Be2 {[%emt 0:11:30]} b5 {[%emt 0:09:29]} 10. Nxc6 {[%emt 0:07:19]} dxc6 {[%emt 0:01:57]} 11. Bg5 $146 {[%emt 0:06:22]} ({Predecessor:} 11. g4 b4 12. Na4 c5 13. g5 Nd7 14. Bf4 e5 {0-1 (36) Matovic,M (2234)-Sylvan,J (2336) Porto Carras 2018}) 11... Be7 {[%emt 0:02:28]} 12. e5 {[%emt 0:06:28]} Nd5 {[%emt 0:09:48]} 13. Bxe7 {[%emt 0:03:08]} Qxe7 {[%emt 0:05:55]} 14. Ne4 {[%emt 0:03:26]} O-O {[%emt 0:03:49]} 15. Qg3 {[%emt 0:03:35]} Bb7 {[%emt 0:15:47]} 16. Nd6 {[%emt 0:03:28]} c5 {[%emt 0:04:19]} 17. Bf3 {[%emt 0:01:16]} Rfd8 {[%emt 0:01:49]} 18. h4 {[%emt 0:02:36]} c4 {[%emt 0:04:17]} 19. Kb1 {[%emt 0:07:12]} Qc7 {[%emt 0:07:30]} 20. h5 {[%emt 0:08:17]} h6 {[%emt 0:06:00]} (20... f5 $16) 21. Rh4 {[%emt 0:03:46]} (21. Bxd5 $18 Bxd5 22. Rxd5 exd5 {[#]} 23. Nf5 $1 {[%mdl 512]}) 21... Rxd6 {[%emt 0:02:54]} (21... Kh7 $16 {might work better.}) 22. exd6 {[%emt 0:00:58]} Qd8 {[%emt 0:00:39]} 23. Rg4 {[%emt 0:02:26]} Qf6 $2 {[%emt 0:00:33]} (23... Qf8 24. Qe5 Kh8) 24. Rdd4 {[%emt 0:03:17]} Rd8 $18 {[%emt 0:00:29]} (24... Kh8 $142 25. d7 Rd8) 25. Rxg7+ {[%emt 0:02:26]} Qxg7 {[%emt 0:00:28]} 26. Rg4 {[%emt 0:00:12]} Qxg4 {[%emt 0:00:03]} 27. Qxg4+ {[%emt 0:00:34]} Kf8 {[%emt 0:00:34]} 28. Bxd5 {[%emt 0:01:27]} Bxd5 {[%emt 0:00:02]} 29. Qf4 {[%emt 0:00:41]} Ke8 {[%emt 0:00:05]} 30. a3 {[%emt 0:01:29]} Bxg2 {[%emt 0:01:18]} 31. Qxh6 {[%emt 0:02:32]} Rxd6 {[%emt 0:00:41]} 32. Qe3 {[%emt 0:01:13]} Rd1+ {[%emt 0:00:43]} 33. Ka2 {[%emt 0:00:04]} Bd5 {[%emt 0:00:14]} 34. h6 {[%emt 0:01:10]} Rh1 {[%emt 0:00:38]} 35. Qg5 {[%emt 0:00:42]} c3+ {[%emt 0:00:32]} 36. b3 {[%emt 0:00:11]} Be4 {[%emt 0:00:13]} 37. Qe3 {[%emt 0:00:54]} Bf5 1-0

[Event "HUN-chT Youth 2019"]
[Site "Budapest"]
[Date "2019.10.27"]
[Round "2.23"]
[White "Erseki, Aron"]
[Black "Kocsmar, Akos"]
[Result "1/2-1/2"]
[WhiteElo "1847"]
[BlackElo "1916"]
[Annotator "NA RC"]
[PlyCount "84"]
[EventDate "2019.10.26"]
[EventType "team-tourn"]
[EventCountry "HUN"]
[SourceTitle "playchess.com"]
[Source "ChessBase"]
[SourceQuality "1"]
[TimeControl "5400+30"]

1. e4 {[%emt 0:00:00]} c6 {[%emt 0:00:00]} 2. d4 {[%emt 0:00:41]} d5 {[%emt 0:00:07]} 3. e5 {[%emt 0:05:21]} Bf5 {[%emt 0:01:23]} 4. Ne2 {[%emt 0:01:51]} e6 {[%emt 0:00:34]} 5. Ng3 {[%emt 0:01:13]} Bg6 {[%emt 0:00:12]} 6. Bd3 {[%emt 0:08:45]} Bxd3 {[%emt 0:02:26]} 7. Qxd3 {[%emt 0:00:46]} Nd7 {[%emt 0:00:05]} 8. O-O {[%emt 0:01:05]} c5 {[%emt 0:00:12]} 9. c3 {[%emt 0:01:29]} h5 {[%emt 0:01:06]} 10. f4 {[%emt 0:02:19]} g6 {[%emt 0:00:25]} 11. Nd2 {[%emt 0:06:39]} Be7 {[%emt 0:02:22]} 12. Nf3 {[%emt 0:17:24]} h4 {[%emt 0:01:37]} 13. Nh1 {[%emt 0:01:11]} Nh6 {[%emt 0:02:56]} 14. Nf2 {[%emt 0:01:09]} Nf5 {[%emt 0:00:22]} 15. Ng4 {[%emt 0:01:14]} Qb6 {[%emt 0:00:38]} 16. Ne3 {[%emt 0:04:06]} O-O-O {[%emt 0:01:25]} 17. a4 {[%emt 0:05:39]} Kb8 {[%emt 0:02:58]} 18. a5 {[%emt 0:09:20]} Qc6 {[%emt 0:03:39]} 19. Bd2 {[%emt 0:02:16]} Rdg8 {[%emt 0:02:23]} 20. Rfc1 {[%emt 0:10:05]} Rh5 {[%emt 0:02:00]} 21. c4 {[%emt 0:03:10]} dxc4 {[%emt 0:00:41]} 22. Rxc4 {[%emt 0:01:21]} h3 {[%emt 0:01:13]} 23. Nxf5 {[%emt 0:03:36]} gxf5 {[%emt 0:01:18]} 24. g3 {[%emt 0:00:30]} Qd5 {[%emt 0:02:04]} 25. Rac1 {[%emt 0:03:58]} Rg4 {[%emt 0:01:45]} 26. Kf2 {[%emt 0:01:29]} Rh8 {[%emt 0:02:50]} 27. Qc2 {[%emt 0:01:58]} f6 {[%emt 0:02:38]} 28. dxc5 {[%emt 0:00:56]} Rc8 {[%emt 0:00:57]} 29. Be3 {[%emt 0:02:15]} fxe5 {[%emt 0:01:20]} 30. c6 {[%emt 0:01:19]} exf4 {[%emt 0:06:32]} 31. Bxf4+ {[%emt 0:00:42]} Rxf4 {[%emt 0:00:04]} 32. gxf4 {[%emt 0:00:18]} Nf6 {[%emt 0:02:06]} 33. cxb7 {[%emt 0:01:08]} Bc5+ {[%emt 0:01:56]} 34. Ke2 {[%emt 0:01:00]} Rg8 {[%emt 0:00:47]} 35. Rxc5 Rg2+ {[%emt 0:00:11]} 36. Ke1 {[%emt 0:01:03]} Rxc2 {[%emt 0:00:13]} 37. Rxd5 {[%emt 0:00:40]} Rxc1+ {[%emt 0:00:24]} 38. Rd1 {[%emt 0:00:21]} Rxd1+ {[%emt 0:00:17]} 39. Kxd1 {[%emt 0:00:02]} Kxb7 {[%emt 0:00:01]} 40. Ng5 {[%emt 0:00:43]} Ng4 {[%emt 0:02:08]} 41. Nxe6 {[%emt 0:00:29]} Nxh2 {[%emt 0:00:02]} 42. Ng5 {[%emt 0:00:09]} Ka6 {[%emt 0:00:31]} 1/2-1/2

[Event "HUN-chT Youth 2019"]
[Site "Budapest"]
[Date "2019.10.27"]
[Round "2.24"]
[White "Kis, Izabella"]
[Black "Bencze, Balazs Dominik"]
[Result "0-1"]
[WhiteElo "1523"]
[BlackElo "1779"]
[Annotator "NA RC"]
[PlyCount "78"]
[EventDate "2019.10.26"]
[EventType "team-tourn"]
[EventCountry "HUN"]
[SourceTitle "playchess.com"]
[Source "ChessBase"]
[SourceQuality "1"]
[TimeControl "5400+30"]

1. e4 {[%emt 0:00:00]} Nf6 {[%emt 0:00:00]} 2. e5 {[%emt 0:00:42]} Nd5 {[%emt 0:00:00]} 3. c4 {[%emt 0:00:28]} Nb6 {[%emt 0:00:00]} 4. Nc3 {[%emt 0:01:45]} Nc6 {[%emt 0:00:26]} 5. c5 {[%emt 0:02:46]} Nxe5 {[%emt 0:00:10]} 6. cxb6 {[%emt 0:00:35]} axb6 {[%emt 0:00:04]} 7. d4 {[%emt 0:00:47]} Nc6 {[%emt 0:00:22]} 8. Nf3 {[%emt 0:00:35]} d5 {[%emt 0:00:35]} 9. Bf4 {[%emt 0:01:49]} e6 {[%emt 0:00:56]} 10. Bb5 {[%emt 0:04:28]} Bb4 {[%emt 0:01:53]} 11. O-O {[%emt 0:02:23]} O-O {[%emt 0:00:56]} 12. Qc2 {[%emt 0:02:21]} Bd7 {[%emt 0:02:01]} 13. a3 {[%emt 0:04:16]} Be7 {[%emt 0:00:32]} 14. Rfe1 {[%emt 0:00:51]} f6 {[%emt 0:03:39]} 15. Bd3 {[%emt 0:03:29]} f5 {[%emt 0:04:29]} 16. Nb5 {[%emt 0:01:09]} Rc8 {[%emt 0:03:19]} 17. Rac1 {[%emt 0:01:57]} g5 {[%emt 0:03:42]} 18. Be5 {[%emt 0:02:07]} g4 {[%emt 0:05:25]} 19. Nd2 {[%emt 0:00:41]} Nxe5 {[%emt 0:01:38]} 20. dxe5 {[%emt 0:00:37]} c5 {[%emt 0:02:56]} 21. Nc3 {[%emt 0:03:02]} c4 {[%emt 0:08:53]} 22. Bf1 {[%emt 0:02:11]} d4 {[%emt 0:08:55]} 23. Nd1 {[%emt 0:01:08]} b5 {[%emt 0:04:17]} 24. f3 {[%emt 0:02:42]} Bc5 {[%emt 0:05:15]} 25. Kh1 {[%emt 0:01:41]} g3 {[%emt 0:02:06]} 26. h3 {[%emt 0:01:54]} Qg5 {[%emt 0:08:27]} 27. Ra1 {[%emt 0:04:45]} Ba7 {[%emt 0:11:55]} 28. Qc1 {[%emt 0:03:30]} Qg7 {[%emt 0:03:13]} 29. f4 {[%emt 0:05:05]} Bc6 {[%emt 0:04:17]} 30. Rb1 {[%emt 0:03:03]} Qh6 {[%emt 0:03:28]} 31. Nf3 {[%emt 0:00:56]} Be4 {[%emt 0:01:49]} 32. Ra1 {[%emt 0:01:16]} Rfd8 {[%emt 0:01:21]} 33. Ng5 {[%emt 0:02:45]} Bc6 {[%emt 0:01:32]} 34. Qc2 {[%emt 0:01:24]} Rd7 {[%emt 0:04:43]} 35. Rc1 {[%emt 0:02:19]} d3 {[%emt 0:00:58]} 36. Qd2 {[%emt 0:00:44]} Rg7 {[%emt 0:00:32]} 37. Nc3 {[%emt 0:01:45]} Rxg5 {[%emt 0:00:55]} 38. Ne4 {[%emt 0:01:24]} Rg7 {[%emt 0:00:59]} 39. Nf6+ {[%emt 0:01:07]} Kh8 0-1

[Event "HUN-chT Youth 2019"]
[Site "Budapest"]
[Date "2019.10.27"]
[Round "2.25"]
[White "Bohus, Adam"]
[Black "Karacsonyi, Gellert"]
[Result "0-1"]
[WhiteElo "2229"]
[BlackElo "2301"]
[Annotator "NA"]
[PlyCount "74"]
[EventDate "2019.10.26"]
[EventType "team-tourn"]
[EventCountry "HUN"]
[SourceTitle "playchess.com"]
[Source "ChessBase"]
[SourceQuality "1"]
[TimeControl "5400+30"]

1. d4 {[%emt 0:00:00]} Nf6 {[%emt 0:00:00]} 2. c4 {[%emt 0:00:00]} e6 {[%emt 0:00:00]} 3. Nf3 {[%emt 0:00:00]} d5 {[%emt 0:00:10]} 4. Nc3 {[%emt 0:00:10]} Nbd7 {[%emt 0:00:34]} 5. Bf4 {[%emt 0:00:18]} dxc4 {[%emt 0:00:53]} 6. e3 {[%emt 0:00:22] D37: Queen's Gambit Declined: 5 Bf4} b5 {[%emt 0:00:16]} 7. Nxb5 {[%emt 0:00:21]} Bb4+ {[%emt 0:00:13]} 8. Nc3 {[%emt 0:00:26]} Nd5 {[%emt 0:00:10]} 9. Rc1 {[%emt 0:00:27]} N7b6 {[%emt 0:03:15]} 10. Bg3 {[%emt 0:01:15]} O-O {[%emt 0:01:43]} (10... c5 11. Be2 O-O 12. O-O Bb7 13. Nxd5 Qxd5 {0-1 (42) Ding,L (2805)-Aronian,L (2765) Saint Louis 2019}) 11. Be2 {[%emt 0:00:14]} Bb7 {[%emt 0:02:15]} 12. O-O {[%emt 0:02:14]} Nxc3 {[%emt 0:01:01]} 13. bxc3 {[%emt 0:00:14]} Ba3 {[%emt 0:00:14]} 14. Rc2 {[%emt 0:15:02] [#]} Rb8 $146 {[%emt 0:23:20]} ({Predecessor:} 14... c5 15. Rd2 Qe7 {½-½ (15) Kovacs,G (2456)-Erdos,V (2585) Hungary 2017}) 15. Ne5 {[%emt 0:10:42]} Bd5 {[%emt 0:06:32]} 16. Bf3 {[%emt 0:06:51]} Qe8 {[%emt 0:10:32]} 17. Qe2 {[%emt 0:17:48]} f6 {[%emt 0:13:49]} 18. e4 {[%emt 0:00:23]} Bb7 {[%emt 0:00:43]} 19. Ng4 {[%emt 0:01:00]} Rc8 {[%emt 0:01:26]} 20. Re1 {[%emt 0:13:04]} Qb5 {[%emt 0:03:36]} 21. Ne3 {[%emt 0:07:14]} Rf7 {[%emt 0:05:54]} 22. Bh5 {[%emt 0:12:42]} Re7 {[%emt 0:03:24]} 23. e5 {[%emt 0:03:01]} f5 {[%emt 0:04:02]} 24. Bh4 {[%emt 0:01:41]} Rd7 {[%emt 0:00:41]} 25. Nxf5 {[%emt 0:03:20]} (25. Bf3 $11 {remains equal.} Bxf3 26. Qxf3) 25... exf5 {[%emt 0:00:46]} 26. e6 {[%emt 0:00:02] [#]} Re7 $1 {[%emt 0:00:47]} 27. Bf7+ {[%emt 0:00:50]} Kh8 {[%emt 0:04:02]} 28. Qh5 $17 {[%emt 0:00:52]} Nd5 {[%emt 0:07:53]} 29. Qxf5 {[%emt 0:03:24]} Rf8 {[%emt 0:05:05]} 30. Rce2 {[%emt 0:00:01]} Nxc3 {[%emt 0:00:57]} 31. Re5 {[%emt 0:00:01]} Rexf7 {[%emt 0:00:27]} 32. Qxf7 {[%emt 0:02:04]} Qc6 {[%emt 0:00:45]} 33. d5 {[%emt 0:00:05]} Nxd5 {[%emt 0:00:18]} 34. Qd7 {[%emt 0:01:08]} Ne7 {[%emt 0:00:45]} 35. f3 {[%emt 0:00:32]} Bc5+ {[%emt 0:00:30]} 36. Kh1 {[%emt 0:00:00]} Qxf3 {[%emt 0:00:15]} 37. Rg1 {[%emt 0:01:00]} Qxg2+ {[%emt 0:00:05]} 0-1